Юридична енциклопедія в 6 томах (Запис № 17590)

000 -Маркер запису
Контрольне поле сталої довжини 01198nam a22002657a 4500
003 - Належність контрольного номера
Контрольне поле Uzh_bibl
008 - Кодовані дані
Контрольне поле сталої довжини 260430b |||||||| |||| 00| 0 ukr d
020 ## - Індекс ISBN
ISBN 966-7492-05-2
Ціна 47.95
040 ## - Джерело каталогіз.
Код мови каталог. укр.
041 ## - Код мови видання
Код мови оригіналу українська
Код мови тексту українська
080 ## - Індекс УДК
Індекс УДК 340.12
090 ## - Шифри
Поличний індекс 340.12
Авторський знак Ю70
100 ## - Автор
Автор -
245 ## - Назва
Назва Юридична енциклопедія в 6 томах
Відповідальність Редкол.Ю.С.Шемчушенко
Фізичний носій Текст
260 ## - Вихідні дані
Місце видання Київ
Видавництво "Українська енциклопедія" М.П.Бажана
Дата видання 2003
300 ## - Фізичний опис
Обсяг 736 с.
Ілл./тип відтвор. іл.
Тип одиниці В опр.
490 ## - Серія
№ тому Т.5
520 ## - Анотація
Анотація Юридична енциклопедія- перший в Україні багатотомний систематизований звіт знань про державу і право. У п'ятому томі подано 1668 статей, карти та ілюстрований матеріал.
521 ## - Примітка про цільове призначення
Примітка про цільове призначення Для широкого кола читачів
546 ## - Примітка про мову
Примітка про мову укр.
650 ## - Тематичні рубрики
Основна рубрика Довідкове видання
653 ## - Ключові слова
Ключові слова Звіт
-- Держава
-- Право
655 ## - Термін індексування — жанр/форма
Жанр/форма Довідкова література
Типове ділення Карти
-- Статті
942 ## - ADDED ENTRY ELEMENTS (KOHA)
Джерело класифікації чи схема поличного розташування
Koha item type Книги
Фонди
Статус вилучення Статус втрати/відсутності Джерело класифікації чи схема поличного розташування Статус пошкодження Тип обігу (не для випозичання) Постійне розташування Поточне розташування Розташування у відділі Дата надходження Інвентарний номер Total Checkouts Повний (примірниковий) шифр зберігання Штрих-код Date last seen Дата, для якої чинна ціна заміни Тип одиниці (рівень примірника)
          Бібліотека-філія №2 Бібліотека-філія №2 Читальна зала старший відділ 30/04/2026 53444   340.12 19740 30/04/2026 30/04/2026 Книги

Працює на АБІС Коха